Acteurs Français - Statistiques

Statistiques générales
  • Ce quiz a été pris 888 fois
  • Le résultat moyen est 9 sur 15
Statistiques - réponses
Par images Réponse % Correct
Louis de Funès
99%
Gerard Depardieu
96%
Jean Paul Belmondo
89%
Bourvil
84%
Alain Delon
82%
Fernandel
67%
Jean Rochefort
63%
Jean Gabin
60%
Michel Galabru
58%
Lino Ventura
53%
Jean Lefebvre
39%
Bernard Blier
38%
Michel Serrault
37%
Philippe Noiret
33%
Michel Bouquet
19%
Aucun quiz correspondant
Distribution des résultats
% des personnes avec chaque résultat
Percentile par nombre de réponses
Votre historique - résultats
Vous n’avez pas pris ce quiz